000 01799nam a2200313 i 4500
003 DO-SdBNP
005 20250527120316.0
007 ta
008 250527b2024 dr ac||| |||| 00| 0 spa d
020 _a9789945251098
040 _aDO-SdBNP
_bspa
_cBNPHU
_erda
041 _aspa
082 4 _axxx
_bN594e
_222
100 _aAngulo Guridi, Javier F.,
_d1816-1884
_q(Francisco Javier)
_4aut.
_926995
_eautor
245 1 0 _aNarrativa /
_cJavier Angulo Guridi ; edición, investigación y cuidado de edición, Andrés Blanco Díaz ; diagramación y diseño de portada, editorial Santuario, digitación, Pedro Blanco Díaz.
250 _aPrimera edición
264 4 _aSanto Domingo :
_bArchivo General de la Nación (AGN). Departamento de Investigación,
_c©2024.
300 _a478 páginas :
_bilustraciones, retratos ;
_c23 cm.
336 _atexto
_btxt
_2rdacontent
337 _asin mediación
_bn
_2rdamedia
338 _avolumen
_bnc
_2rdacarrier
490 0 _aArchivo General de la Nación (AGN) ;
_v515
500 _aIncluye datos biográficos del autor en la solapa de la cubierta.
505 _aPresentación, por Andrés Blanco Díaz, 13.-- Novelas / La fantasma de Higüey, 23.-- Silvio, 125.-- El panorama, 187.-- Paulino (segunda parte de el panorama), 253.-- Relatos / Recuerdos, 363.-- El tiempo, 369.-- La campana del higo (tradición dominicana), 379.-- La ciguapa, 403.-- Imprudencia de un marido, 415.-- Una situación poco envidiable, 431.-- Quosque tándem, 439.-- Recuerdos y esperanzas, 445.-- Un episodio de la Guerra de Restauración, 453.-- Conclusión, 460.-- El dolor mata (leyenda histórica), 465.-- Recuerdos de Palo Hincado, 471.
590 _aInventariado, 2025 /LP
700 1 _aBlanco Díaz, Andrés
_eeditor
_4ed.
_9172
910 _aLP
942 _2ddc
_cLBS1
999 _c58587
_d58587